[Event "SVK-chT2B 2122"]
[Site "Slovakia"]
[Date "2022.05.01"]
[Round "11.6"]
[White "Zakovic, Jozef"]
[Black "Mederly, Pavol"]
[Result "1-0"]
[WhiteElo "1749"]
[BlackElo "1393"]
[PlyCount "55"]
[EventDate "2021.10.16"]
[EventType "team-tourn"]
[EventRounds "11"]
[EventCountry "SVK"]
[SourceTitle "EXT 2023"]
[Source "ChessBase"]
[SourceDate "2022.10.05"]
[SourceVersion "1"]
[SourceVersionDate "2022.10.05"]
[SourceQuality "1"]
[WhiteTeam "Prievidza"]
[BlackTeam "Levice II"]
[WhiteTeamCountry "SVK"]
[BlackTeamCountry "SVK"]

1. e4 c5 2. Nf3 d6 3. d4 cxd4 4. Nxd4 Nf6 5. Nc3 a6 6. g3 Qc7 7. Bg2 Nc6 8. Nde2 e5 9. 0-0 Be7 10. h3 0-0 11. Be3 b5 12. Rc1 Na5 13. b3 b4 14. Nd5 Nxd5 15. exd5 Qd8 16. Qd2 Rb8 17. c3 bxc3 18. Rxc3 Nb7 19. b4 Bf5 20. Rfc1 Rc8 21. Rxc8 Bxc8 22. Rc6 Qe8 23. Rxa6 Bd8 24. Ra8 Bc7 25. a4 Qe7 26. a5 Bf5 27. Rxf8+ Qxf8 28. a6 1-0

[Event "Levice Toth Memorial"]
[Site "Levice"]
[Date "2019.08.02"]
[Round "2"]
[White "Mikulec, Martin"]
[Black "Mederly, Pavol"]
[Result "1-0"]
[WhiteElo "1840"]
[BlackElo "1330"]
[PlyCount "43"]
[EventDate "2019.08.01"]
[EventType "swiss"]
[EventRounds "7"]
[EventCountry "SVK"]
[SourceTitle "EXT 2020"]
[Source "ChessBase"]
[SourceDate "2019.10.17"]
[SourceVersion "1"]
[SourceVersionDate "2019.10.17"]
[SourceQuality "1"]

1. e4 c5 2. Nf3 d6 3. d4 cxd4 4. Qxd4 Nc6 5. Bb5 Bd7 6. Bxc6 Bxc6 7. c4 Nf6 8. Nc3 h6 9. 0-0 e6 10. Rd1 Be7 11. b3 0-0 12. Bb2 a6 13. Rac1 b5 14. cxb5 axb5 15. a3 Nd7 16. Nd5 e5 17. Nxe7+ Qxe7 18. Qxd6 Qxd6 19. Rxd6 Bxe4 20. Rxd7 Bxf3 21. gxf3 f6 22. Rcc7 1-0

[Event "Levice op"]
[Site "Levice"]
[Date "2018.08.05"]
[Round "6"]
[White "Mederly, Pavol"]
[Black "Borsik, Tobias"]
[Result "1-0"]
[WhiteElo "1240"]
[BlackElo "1040"]
[PlyCount "42"]
[EventDate "2018.08.02"]
[EventType "swiss"]
[EventRounds "7"]
[EventCountry "SVK"]
[SourceTitle "CBM 185 Extra"]
[Source "ChessBase"]
[SourceDate "2018.07.29"]
[SourceVersion "1"]
[SourceVersionDate "2018.07.29"]
[SourceQuality "1"]

1. d4 Nf6 2. Nf3 e6 3. h3 b6 4. Bf4 Bb7 5. e3 d5 6. Nbd2 h6 7. Bd3 Bd6 8. Ne5 Nc6 9. c3 Nd7 10. Qh5 Qf6 11. Ndf3 g5 12. Nxf7 Rg8 13. Nxh6+ Kf8 14. Nxg8 Kxg8 15. Qh7+ Kf8 16. Bxg5 Qf7 17. Bh6+ Ke7 18. Qxf7+ Kxf7 19. Ng5+ Kg8 20. Nxe6 Nf6 21. f3 Ne7 1-0

[Event "Levice op"]
[Site "Levice"]
[Date "2018.08.04"]
[Round "5"]
[White "Vlcko, Viliam"]
[Black "Mederly, Pavol"]
[Result "0-1"]
[WhiteElo "1524"]
[BlackElo "1240"]
[PlyCount "126"]
[EventDate "2018.08.02"]
[EventType "swiss"]
[EventRounds "7"]
[EventCountry "SVK"]
[SourceTitle "CBM 185 Extra"]
[Source "ChessBase"]
[SourceDate "2018.07.29"]
[SourceVersion "1"]
[SourceVersionDate "2018.07.29"]
[SourceQuality "1"]

1. e4 c5 2. c4 Nc6 3. Nc3 d6 4. h3 g6 5. d3 Bg7 6. Be2 a6 7. Rb1 e6 8. Nf3 Nge7 9. Bd2 0-0 10. 0-0 Nd4 11. Qc1 b5 12. Nxd4 Bxd4 13. Be3 Nc6 14. Bh6 Re8 15. Bd1 b4 16. Ne2 Bg7 17. Bxg7 Kxg7 18. Qf4 e5 19. Qg3 Rf8 20. f4 f5 21. Ba4 exf4 22. Rxf4 Ne5 23. Rbf1 Kh8 24. Bc2 g5 25. R4f2 f4 26. Qh2 Rg8 27. b3 Ra7 28. d4 cxd4 29. Nxd4 Qb6 30. Kh1 Qxd4 31. g3 Rf7 32. gxf4 gxf4 33. Rxf4 Rxf4 34. Qxf4 Ng6 35. Qf3 Rf8 36. Qg2 Rxf1+ 37. Qxf1 Bb7 38. Qf5 Qa1+ 39. Kg2 Qxa2 40. Qf2 Kg7 41. Kg3 Qb2 42. Kg4 Bc8+ 43. Kg3 Qe5+ 44. Kg2 Nf4+ 45. Kf3 Nxh3 46. Qg2+ Ng5+ 47. Ke3 h6 48. Bd3 Qc3 49. Qg3 Qf6 50. Qh2 Qf3+ 51. Kd2 Qf6 52. Ke3 Qf3+ 53. Kd2 Nxe4+ 54. Bxe4 Qxe4 55. Qxd6 Qg2+ 56. Ke3 Qg1+ 57. Kd2 Qg2+ 58. Ke3 Qh3+ 59. Kd2 Qc3+ 60. Ke2 Bg4+ 61. Kf2 Qf3+ 62. Kg1 Qe3+ 63. Kh2 Qf2+ 0-1